000 00743caa a22001937a 4500
999 _c443083
_d443083
001 5142585
003 UA-OsUOA
005 20191204154406.0
008 191204b un ||||| |||| 00| 0 ukr d
040 _aUA-OsUOA
_bukr
_cUA-OsUOA
_dUA-OsUOA
041 _aukr
080 _a908
090 _a908
100 _aГладуненко О. В.
245 _aОборона Острога в червневі дні 1941 року
_cО. В. Гладуненко
300 _aС. 46–48
773 0 _0331093
_9355490
_dОстрог 1992
_o104079
_tМатеріали І - ІІІ науково-краєзнавчих конференцій "Остріг на порозі 900-річчя" (1990 - 1992 рр.)
_w(UA-OsUOA) 44980
942 _2udc
_cBKA